000
00218 a2200097 4500
001
49656
100
_a
Brohi
245
_a
An Adunture in Self - Expression
260
_a
Din M Press
_b
Karachi
_c
090
_c
32169
_d
32169
942
_a
NUST-CAE
_c
M
_c
24635
999
_c
284729
_d
284729